Mein Kampf / (Record no. 80494)

MARC details
000 -LEADER
campo de control de longitud fija 00614nam a2200193 i 4500
001 - NÚMERO DE CONTROL
campo de control 80494
003 - IDENTIFICADOR DE NÚMERO DE CONTROL
campo de control ES-MaACL
005 - FECHA Y HORA DE LA ÚLTIMA TRANSACCIÓN
campo de control 20240223063028.0
007 - CAMPO FIJO DE DESCRIPCIÓN FÍSICA--INFORMACIÓN GENERAL
campo de control de longitud fija t|
008 - DATOS DE LONGITUD FIJA--INFORMACIÓN GENERAL
campo de control de longitud fija 041028s1940 gw ||||1| ger d
100 1# - ENTRADA PRINCIPAL--NOMBRE DE PERSONA
Nombre de persona Hitler, Adolf,
Fechas asociadas al nombre 1889-1945
9 (RLIN) 63836
245 10 - MENCIÓN DEL TÍTULO
Título Mein Kampf /
Mención de responsabilidad, etc. von Adolf Hitler.
250 ## - MENCION DE EDICION
Mención de edición Ungekürzte Ausg.
260 ## - PUBLICACIÓN, DISTRIBUCIÓN, ETC.
Lugar de publicación, distribución, etc. München :
Nombre del editor, distribuidor, etc. Franz Eher Nachf,
Fecha de publicación, distribución, etc. 1940.
300 ## - DESCRIPCIÓN FÍSICA
Extensión 2 v. en 1 t. ;
Dimensiones 19 cm.
505 8# - NOTA DE CONTENIDO CON FORMATO
Nota de contenido con formato Contiene: Erster Band: Eine Abrechnung. -- Zweite Band: Die nationalsozialitische Bewegung
852 ## - LOCALIZACIÓN
Ubicación ES-MaACL
Número de control de estantería B-9470
Sublocalización o colección R.19098
Holdings
Estatus retirado Estado de pérdida Estado de daño No para préstamo Biblioteca de origen Biblioteca actual Ubicación en estantería Fecha de adquisición Fuente de adquisición Total de préstamos Signatura topográfica completa Código de barras Visto por última vez Precio de reemplazo Tipo de ítem Koha
        Biblioteca del Ateneo de Madrid Biblioteca del Ateneo de Madrid Sala Pardo Bazán 17/01/2008     B-9470 1084156 23/02/2023 23/02/2023 Libro impreso